[Event "DEM U14 2025"]
[Site "Willingen GER"]
[Date "2025.06.08"]
[Round "1"]
[White "Krüger, Moritz"]
[Black "Polzin, Gustav"]
[Result "0-1"]
[Termination "normal"]
[Board "17"]
[WhiteElo "1785"]
[BlackElo "2075"]
[WhiteClock "01:14:34"]
[BlackClock "00:56:16"]
[PlyCount "68"]
[WhiteFideId "34608923"]
[BlackFideId "34603280"]
[EventCountry "GER"]
[EventRounds "9"]
[EventType "swiss"]
[EventDate "2025.06.07"]

1. d4 {[%clk 01:30:57]} {[%emt 00:00:02]} Nf6 {[%clk 01:30:51]} {[%emt
00:00:10]} 2. Nf3 {[%clk 01:29:57]} {[%emt 00:01:29]} d5 {[%clk 01:28:49]}
{[%emt 00:02:33]} 3. g3 {[%clk 01:28:57]} {[%emt 00:01:29]} e6 {[%clk
01:28:34]} {[%emt 00:00:46]} 4. Bg2 {[%clk 01:28:26]} {[%emt 00:01:00]} Be7
{[%clk 01:28:35]} {[%emt 00:00:30]} 5. O-O {[%clk 01:28:16]} {[%emt 00:00:40]}
O-O {[%clk 01:29:00]} {[%emt 00:00:05]} 6. c4 {[%clk 01:27:53]} {[%emt
00:00:53]} b6 {[%clk 01:27:35]} {[%emt 00:01:56]} 7. Nc3 {[%clk 01:27:53]}
{[%emt 00:00:27]} Re8 {[%clk 01:27:11]} {[%emt 00:00:56]} 8. Ne5 {[%clk
01:26:16]} {[%emt 00:02:08]} Bb7 {[%clk 01:27:18]} {[%emt 00:00:23]} 9. Re1
{[%clk 01:24:30]} {[%emt 00:02:14]} Nbd7 {[%clk 01:27:14]} {[%emt 00:00:36]}
10. e4 {[%clk 01:23:51]} {[%emt 00:01:09]} Nxe5 {[%clk 01:24:40]} {[%emt
00:03:03]} 11. dxe5 {[%clk 01:23:52]} {[%emt 00:00:29]} Nxe4 {[%clk 01:24:58]}
{[%emt 00:00:13]} 12. Nxe4 {[%clk 01:21:29]} {[%emt 00:02:52]} dxe4 {[%clk
01:25:21]} {[%emt 00:00:08]} 13. Qc2 {[%clk 01:21:06]} {[%emt 00:00:51]} c5
{[%clk 01:16:34]} {[%emt 00:09:19]} 14. Bxe4 {[%clk 01:21:17]} {[%emt
00:00:16]} Bxe4 {[%clk 01:16:34]} {[%emt 00:00:33]} 15. Rxe4 {[%clk 01:21:21]}
{[%emt 00:00:24]} Qc7 {[%clk 01:15:19]} {[%emt 00:01:46]} 16. Bd2 {[%clk
01:21:24]} {[%emt 00:00:27]} Red8 {[%clk 01:14:34]} {[%emt 00:01:16]} 17. Bc3
{[%clk 01:21:29]} {[%emt 00:00:23]} a6 {[%clk 01:14:48]} {[%emt 00:00:17]} 18.
a4 {[%clk 01:21:11]} {[%emt 00:00:48]} Qc6 {[%clk 01:14:01]} {[%emt 00:01:18]}
19. Ree1 {[%clk 01:21:20]} {[%emt 00:00:20]} h5 {[%clk 01:06:02]} {[%emt
00:08:29]} 20. Rad1 {[%clk 01:21:37]} {[%emt 00:00:12]} Qf3 {[%clk 01:06:01]}
{[%emt 00:00:33]} 21. Rxd8+ {[%clk 01:21:09]} {[%emt 00:00:58]} Rxd8 {[%clk
01:06:30]} {[%emt 00:00:02]} 22. Qe4 {[%clk 01:21:17]} {[%emt 00:00:20]} Qxe4
{[%clk 01:05:16]} {[%emt 00:01:46]} 23. Rxe4 {[%clk 01:21:39]} {[%emt
00:00:08]} g5 {[%clk 01:04:23]} {[%emt 00:01:23]} 24. Re2 {[%clk 01:21:52]}
{[%emt 00:00:14]} Kg7 {[%clk 01:00:31]} {[%emt 00:04:24]} 25. Rd2 {[%clk
01:21:56]} {[%emt 00:00:24]} Kg6 {[%clk 01:00:09]} {[%emt 00:00:55]} 26. f4
{[%clk 01:20:13]} {[%emt 00:02:13]} Kf5 {[%clk 00:57:19]} {[%emt 00:03:20]} 27.
Rxd8 {[%clk 01:19:38]} {[%emt 00:01:04]} Bxd8 {[%clk 00:55:31]} {[%emt
00:02:19]} 28. Bd2 {[%clk 01:19:46]} {[%emt 00:00:21]} gxf4 {[%clk 00:55:03]}
{[%emt 00:00:59]} 29. gxf4 {[%clk 01:20:10]} {[%emt 00:00:05]} Ke4 {[%clk
00:55:20]} {[%emt 00:00:14]} 30. a5 {[%clk 01:15:26]} {[%emt 00:05:14]} Kd3
{[%clk 00:55:12]} {[%emt 00:00:38]} 31. Be1 {[%clk 01:13:38]} {[%emt 00:02:17]}
bxa5 {[%clk 00:55:10]} {[%emt 00:00:34]} 32. Kg2 {[%clk 01:13:56]} {[%emt
00:00:10]} Kxc4 {[%clk 00:55:30]} {[%emt 00:00:12]} 33. Kf3 {[%clk 01:14:13]}
{[%emt 00:00:11]} Kb3 {[%clk 00:55:51]} {[%emt 00:00:11]} 34. Bc3 {[%clk
01:14:34]} {[%emt 00:00:08]} a4 {[%clk 00:56:16]} {[%emt 00:00:05]} 0-1

[Event "DEM U14 2025"]
[Site "Willingen GER"]
[Date "2025.06.08"]
[Round "1"]
[White "Rodriguez Klasen, Ennio"]
[Black "Lücke, Julius"]
[Result "1/2-1/2"]
[Termination "normal"]
[Board "18"]
[WhiteElo "2021"]
[BlackElo "1749"]
[WhiteClock "00:01:04"]
[BlackClock "00:01:04"]
[PlyCount "75"]
[WhiteFideId "16277414"]
[BlackFideId "34674977"]
[EventCountry "GER"]
[EventRounds "9"]
[EventType "swiss"]
[EventDate "2025.06.07"]

1. e4 {[%clk 01:30:56]} {[%emt 00:00:03]} c5 {[%clk 01:30:51]} {[%emt
00:00:10]} 2. Nf3 {[%clk 01:31:11]} {[%emt 00:00:14]} Nc6 {[%clk 01:31:05]}
{[%emt 00:00:16]} 3. d4 {[%clk 01:31:35]} {[%emt 00:00:06]} cxd4 {[%clk
01:31:25]} {[%emt 00:00:10]} 4. Nxd4 {[%clk 01:32:02]} {[%emt 00:00:03]} Nf6
{[%clk 01:31:37]} {[%emt 00:00:18]} 5. Nc3 {[%clk 01:32:24]} {[%emt 00:00:08]}
e5 {[%clk 01:32:00]} {[%emt 00:00:07]} 6. Ndb5 {[%clk 01:32:22]} {[%emt
00:00:32]} d6 {[%clk 01:32:17]} {[%emt 00:00:13]} 7. Bg5 {[%clk 01:32:00]}
{[%emt 00:00:52]} a6 {[%clk 01:32:29]} {[%emt 00:00:19]} 8. Na3 {[%clk
01:32:15]} {[%emt 00:00:15]} b5 {[%clk 01:32:42]} {[%emt 00:00:15]} 9. Nd5
{[%clk 01:31:58]} {[%emt 00:00:47]} Be7 {[%clk 01:32:49]} {[%emt 00:00:22]} 10.
Bxf6 {[%clk 01:31:50]} {[%emt 00:00:39]} Bxf6 {[%clk 01:32:58]} {[%emt
00:00:21]} 11. c3 {[%clk 01:31:48]} {[%emt 00:00:33]} O-O {[%clk 01:27:23]}
{[%emt 00:06:05]} 12. h4 {[%clk 01:31:44]} {[%emt 00:00:34]} Be6 {[%clk
01:13:10]} {[%emt 00:14:43]} 13. Nc2 {[%clk 01:17:10]} {[%emt 00:15:04]} Bxd5
{[%clk 01:08:31]} {[%emt 00:05:09]} 14. Qxd5 {[%clk 01:14:15]} {[%emt
00:03:26]} Qc7 {[%clk 00:56:02]} {[%emt 00:12:59]} 15. Ne3 {[%clk 01:08:46]}
{[%emt 00:05:59]} Ne7 {[%clk 00:51:55]} {[%emt 00:04:37]} 16. Qd3 {[%clk
01:03:22]} {[%emt 00:05:54]} Rfd8 {[%clk 00:48:18]} {[%emt 00:04:06]} 17. Rd1
{[%clk 00:47:43]} {[%emt 00:16:09]} Rac8 {[%clk 00:39:49]} {[%emt 00:09:00]}
18. g3 {[%clk 00:37:53]} {[%emt 00:10:20]} Rb8 {[%clk 00:16:33]} {[%emt
00:23:45]} 19. Bh3 {[%clk 00:31:36]} {[%emt 00:06:46]} g6 {[%clk 00:13:09]}
{[%emt 00:03:54]} 20. h5 {[%clk 00:27:51]} {[%emt 00:04:16]} Bg7 {[%clk
00:11:29]} {[%emt 00:02:09]} 21. hxg6 {[%clk 00:26:12]} {[%emt 00:02:09]} hxg6
{[%clk 00:10:31]} {[%emt 00:01:28]} 22. O-O {[%clk 00:24:56]} {[%emt 00:01:46]}
Qa5 {[%clk 00:04:14]} {[%emt 00:06:48]} 23. a3 {[%clk 00:21:04]} {[%emt
00:04:23]} Qa4 {[%clk 00:03:06]} {[%emt 00:01:38]} 24. b4 {[%clk 00:16:00]}
{[%emt 00:05:33]} a5 {[%clk 00:00:41]} {[%emt 00:02:56]} 25. Ra1 {[%clk
00:14:52]} {[%emt 00:01:38]} Ra8 {[%clk 00:01:06]} {[%emt 00:00:05]} 26. Rfb1
{[%clk 00:13:08]} {[%emt 00:02:14]} Bh6 {[%clk 00:00:46]} {[%emt 00:00:50]} 27.
Bg4 {[%clk 00:12:13]} {[%emt 00:01:25]} axb4 {[%clk 00:00:38]} {[%emt
00:00:38]} 28. Rxb4 {[%clk 00:12:22]} {[%emt 00:00:22]} Qa7 {[%clk 00:00:45]}
{[%emt 00:00:22]} 29. Nd5 {[%clk 00:11:48]} {[%emt 00:01:03]} Nxd5 {[%clk
00:00:54]} {[%emt 00:00:21]} 30. Qxd5 {[%clk 00:12:11]} {[%emt 00:00:07]} Qc7
{[%clk 00:00:35]} {[%emt 00:00:50]} 31. Rxb5 {[%clk 00:08:56]} {[%emt
00:03:45]} Qxc3 {[%clk 00:00:48]} {[%emt 00:00:16]} 32. Rd1 {[%clk 00:04:13]}
{[%emt 00:05:13]} Qxa3 {[%clk 00:00:56]} {[%emt 00:00:22]} 33. Rb7 {[%clk
00:04:04]} {[%emt 00:00:39]} Rf8 {[%clk 00:01:20]} {[%emt 00:00:06]} 34. Be6
{[%clk 00:02:42]} {[%emt 00:01:53]} Qf3 {[%clk 00:01:44]} {[%emt 00:00:06]} 35.
Bxf7+ {[%clk 00:01:42]} {[%emt 00:01:29]} Kh8 {[%clk 00:01:00]} {[%emt
00:01:14]} 36. Rf1 {[%clk 00:00:54]} {[%emt 00:01:18]} Be3 {[%clk 00:00:42]}
{[%emt 00:00:48]} 37. fxe3 {[%clk 00:00:39]} {[%emt 00:00:46]} Qxg3+ {[%clk
00:01:04]} {[%emt 00:00:08]} 38. Kh1 {[%clk 00:01:04]} {[%emt 00:00:05]}
1/2-1/2

[Event "DEM U14 2025"]
[Site "Willingen GER"]
[Date "2025.06.08"]
[Round "1"]
[White "Kalinski, Jan"]
[Black "Kovalskyy, Alicia"]
[Result "0-1"]
[Termination "normal"]
[Board "19"]
[WhiteElo "1748"]
[BlackElo "1924"]
[WhiteClock "00:15:30"]
[BlackClock "00:32:12"]
[PlyCount "48"]
[WhiteFideId "34660615"]
[BlackFideId "34612130"]
[EventCountry "GER"]
[EventRounds "9"]
[EventType "swiss"]
[EventDate "2025.06.07"]

1. c4 {[%clk 01:30:58]} {[%emt 00:00:01]} e5 {[%clk 01:30:56]} {[%emt
00:00:04]} 2. g3 {[%clk 01:31:26]} {[%emt 00:00:03]} Nc6 {[%clk 01:31:20]}
{[%emt 00:00:05]} 3. Bg2 {[%clk 01:31:40]} {[%emt 00:00:16]} g6 {[%clk
01:31:43]} {[%emt 00:00:07]} 4. b3 {[%clk 01:28:17]} {[%emt 00:03:54]} Bg7
{[%clk 01:31:40]} {[%emt 00:00:33]} 5. Bb2 {[%clk 01:28:40]} {[%emt 00:00:07]}
d6 {[%clk 01:28:37]} {[%emt 00:03:33]} 6. Nc3 {[%clk 01:24:04]} {[%emt
00:05:06]} Be6 {[%clk 01:27:45]} {[%emt 00:01:22]} 7. Nd5 {[%clk 01:15:09]}
{[%emt 00:09:25]} Qd7 {[%clk 01:25:25]} {[%emt 00:02:50]} 8. Nf3 {[%clk
01:11:41]} {[%emt 00:03:59]} Bxd5 {[%clk 01:16:03]} {[%emt 00:09:52]} 9. cxd5
{[%clk 01:12:01]} {[%emt 00:00:10]} Nb4 {[%clk 01:15:11]} {[%emt 00:01:21]} 10.
d4 {[%clk 01:11:03]} {[%emt 00:01:27]} e4 {[%clk 01:11:17]} {[%emt 00:04:25]}
11. Ng5 {[%clk 00:35:48]} {[%emt 00:35:44]} f5 {[%clk 01:09:00]} {[%emt
00:02:47]} 12. f3 {[%clk 00:29:06]} {[%emt 00:07:12]} Nxd5 {[%clk 01:07:35]}
{[%emt 00:01:55]} 13. fxe4 {[%clk 00:28:57]} {[%emt 00:00:39]} Ne3 {[%clk
01:04:45]} {[%emt 00:03:21]} 14. Qd3 {[%clk 00:29:15]} {[%emt 00:00:12]} Nxg2+
{[%clk 01:04:26]} {[%emt 00:00:49]} 15. Kf2 {[%clk 00:29:35]} {[%emt 00:00:09]}
Qe7 {[%clk 01:01:40]} {[%emt 00:03:16]} 16. h4 {[%clk 00:22:27]} {[%emt
00:07:39]} h6 {[%clk 01:01:00]} {[%emt 00:01:11]} 17. Nh3 {[%clk 00:21:04]}
{[%emt 00:01:53]} fxe4 {[%clk 00:57:11]} {[%emt 00:04:19]} 18. Qc4 {[%clk
00:21:13]} {[%emt 00:00:21]} Nxh4 {[%clk 00:56:29]} {[%emt 00:01:11]} 19. gxh4
{[%clk 00:21:37]} {[%emt 00:00:06]} Qxh4+ {[%clk 00:54:29]} {[%emt 00:02:30]}
20. Ke3 {[%clk 00:21:48]} {[%emt 00:00:19]} Qe7 {[%clk 00:44:12]} {[%emt
00:10:46]} 21. Raf1 {[%clk 00:20:50]} {[%emt 00:01:24]} g5 {[%clk 00:37:08]}
{[%emt 00:07:38]} 22. Qb5+ {[%clk 00:18:31]} {[%emt 00:02:49]} c6 {[%clk
00:34:18]} {[%emt 00:03:19]} 23. Qf5 {[%clk 00:18:53]} {[%emt 00:00:08]} Nf6
{[%clk 00:33:09]} {[%emt 00:01:40]} 24. Qg6+ {[%clk 00:15:30]} {[%emt
00:03:52]} Qf7 {[%clk 00:32:12]} {[%emt 00:01:27]} 0-1

[Event "DEM U14 2025"]
[Site "Willingen GER"]
[Date "2025.06.08"]
[Round "1"]
[White "Stehning, Toni"]
[Black "Haustein, Henry"]
[Result "1-0"]
[Termination "normal"]
[Board "20"]
[WhiteElo "1873"]
[BlackElo "1683"]
[WhiteClock "00:29:32"]
[BlackClock "00:13:00"]
[PlyCount "81"]
[WhiteFideId "34623477"]
[BlackFideId "533043817"]
[EventCountry "GER"]
[EventRounds "9"]
[EventType "swiss"]
[EventDate "2025.06.07"]

1. e4 {[%clk 01:30:24]} {[%emt 00:00:36]} e5 {[%clk 01:30:55]} {[%emt
00:00:05]} 2. Nf3 {[%clk 01:30:33]} {[%emt 00:00:21]} Nc6 {[%clk 01:31:19]}
{[%emt 00:00:06]} 3. Bc4 {[%clk 01:30:59]} {[%emt 00:00:04]} Bc5 {[%clk
01:31:43]} {[%emt 00:00:06]} 4. d3 {[%clk 01:31:08]} {[%emt 00:00:21]} Nf6
{[%clk 01:32:01]} {[%emt 00:00:11]} 5. c3 {[%clk 01:31:30]} {[%emt 00:00:09]}
O-O {[%clk 01:32:05]} {[%emt 00:00:25]} 6. O-O {[%clk 01:31:41]} {[%emt
00:00:19]} d6 {[%clk 01:32:22]} {[%emt 00:00:13]} 7. h3 {[%clk 01:31:46]}
{[%emt 00:00:26]} Be6 {[%clk 01:32:38]} {[%emt 00:00:13]} 8. Bb3 {[%clk
01:31:31]} {[%emt 00:00:45]} h6 {[%clk 01:31:07]} {[%emt 00:02:01]} 9. Re1
{[%emt 00:07:31]} a5 {[%clk 01:29:07]} 10. Nbd2 {[%clk 01:25:44]} {[%emt
00:01:47]} Qd7 {[%clk 01:26:42]} {[%emt 00:02:55]} 11. Ba4 {[%clk 01:19:02]}
{[%emt 00:07:12]} Ba7 {[%clk 01:12:18]} {[%emt 00:14:53]} 12. d4 {[%clk
00:57:06]} {[%emt 00:22:26]} exd4 {[%clk 01:11:15]} {[%emt 00:01:33]} 13. Nxd4
{[%clk 00:53:47]} {[%emt 00:03:50]} Bxd4 {[%clk 01:10:03]} {[%emt 00:01:41]}
14. cxd4 {[%clk 00:54:05]} {[%emt 00:00:12]} d5 {[%clk 01:09:39]} {[%emt
00:00:54]} 15. e5 {[%clk 00:54:23]} {[%emt 00:00:12]} Nh7 {[%clk 01:08:30]}
{[%emt 00:01:38]} 16. f4 {[%clk 00:52:12]} {[%emt 00:02:43]} Rab8 {[%clk
01:03:20]} {[%emt 00:05:41]} 17. Bb5 {[%clk 00:51:24]} {[%emt 00:01:18]} Qe7
{[%clk 00:48:06]} {[%emt 00:15:44]} 18. Nf3 {[%clk 00:36:00]} {[%emt 00:15:54]}
f5 {[%clk 00:41:11]} {[%emt 00:07:23]} 19. h4 {[%clk 00:30:47]} {[%emt
00:05:44]} Bf7 {[%clk 00:37:54]} {[%emt 00:03:46]} 20. Qb3 {[%clk 00:17:13]}
{[%emt 00:14:05]} Qb4 {[%clk 00:32:16]} {[%emt 00:06:08]} 21. Bxc6 {[%clk
00:15:59]} {[%emt 00:01:44]} bxc6 {[%clk 00:29:38]} {[%emt 00:03:08]} 22. Qxb4
{[%clk 00:12:16]} {[%emt 00:04:13]} Rxb4 {[%clk 00:25:55]} {[%emt 00:04:12]}
23. a3 {[%clk 00:10:51]} {[%emt 00:01:56]} Rb3 {[%clk 00:24:59]} {[%emt
00:01:26]} 24. e6 {[%clk 00:09:56]} {[%emt 00:01:25]} Bh5 {[%clk 00:23:22]}
{[%emt 00:02:07]} 25. Ne5 {[%clk 00:10:16]} {[%emt 00:00:11]} Re8 {[%clk
00:20:14]} {[%emt 00:03:37]} 26. Nxc6 {[%clk 00:08:38]} {[%emt 00:02:08]} Rb6
{[%clk 00:18:40]} {[%emt 00:02:04]} 27. Nxa5 {[%clk 00:08:52]} {[%emt
00:00:15]} Rexe6 {[%clk 00:16:49]} {[%emt 00:02:21]} 28. Rxe6 {[%clk 00:08:00]}
{[%emt 00:01:23]} Rxe6 {[%clk 00:15:40]} {[%emt 00:01:39]} 29. Bd2 {[%clk
00:08:17]} {[%emt 00:00:11]} Kf7 {[%clk 00:14:39]} {[%emt 00:01:32]} 30. Re1
{[%clk 00:07:33]} {[%emt 00:01:12]} Nf6 {[%clk 00:14:14]} {[%emt 00:00:57]} 31.
Rc1 {[%clk 00:06:37]} {[%emt 00:01:23]} Ne8 {[%clk 00:13:15]} {[%emt 00:01:31]}
32. Nc6 {[%clk 00:06:06]} {[%emt 00:01:01]} Re2 {[%clk 00:12:46]} {[%emt
00:00:59]} 33. Ne5+ {[%clk 00:05:59]} {[%emt 00:00:38]} Ke7 {[%clk 00:12:50]}
{[%emt 00:00:26]} 34. Bb4+ {[%clk 00:06:20]} {[%emt 00:00:09]} Kd8 {[%clk
00:12:43]} {[%emt 00:00:37]} 35. Nc6+ {[%clk 00:06:01]} {[%emt 00:00:49]} Kd7
{[%clk 00:13:05]} {[%emt 00:00:07]} 36. Ne5+ {[%clk 00:05:40]} {[%emt
00:00:51]} Kd8 {[%clk 00:13:08]} {[%emt 00:00:27]} 37. b3 {[%clk 00:05:15]}
{[%emt 00:00:55]} Re3 {[%clk 00:12:55]} {[%emt 00:00:43]} 38. Rc3 {[%clk
00:04:02]} {[%emt 00:01:43]} Re4 {[%clk 00:13:00]} {[%emt 00:00:25]} 39. Rc5
{[%clk 00:03:37]} {[%emt 00:00:56]} Rxf4 {[%clk 00:12:50]} {[%emt 00:00:38]}
40. Rxd5+ {[%clk 00:02:23]} {[%emt 00:01:46]} Kc8 {[%clk 00:13:00]} {[%emt
00:00:19]} 41. Nc6 {[%clk 00:29:32]} {[%emt 00:03:22]} 1-0

[Event "DEM U14 2025"]
[Site "Willingen GER"]
[Date "2025.06.08"]
[Round "1"]
[White "Vakeel, Eshwar"]
[Black "Shevchenko, Igor"]
[Result "0-1"]
[Termination "normal"]
[Board "21"]
[WhiteElo "1720"]
[BlackElo "1882"]
[WhiteClock "00:11:59"]
[BlackClock "00:01:53"]
[PlyCount "92"]
[WhiteFideId "34626514"]
[BlackFideId "34634924"]
[EventCountry "GER"]
[EventRounds "9"]
[EventType "swiss"]
[EventDate "2025.06.07"]

1. d4 {[%clk 01:30:58]} {[%emt 00:00:01]} Nf6 {[%clk 01:30:54]} {[%emt
00:00:07]} 2. c4 {[%clk 01:31:24]} {[%emt 00:00:04]} e6 {[%clk 01:31:05]}
{[%emt 00:00:19]} 3. Nc3 {[%clk 01:31:49]} {[%emt 00:00:05]} d5 {[%clk
01:30:26]} {[%emt 00:01:09]} 4. cxd5 {[%clk 01:32:10]} {[%emt 00:00:10]} exd5
{[%clk 01:30:50]} {[%emt 00:00:06]} 5. Bg5 {[%clk 01:32:35]} {[%emt 00:00:05]}
Be7 {[%clk 01:31:15]} {[%emt 00:00:05]} 6. e3 {[%clk 01:33:00]} {[%emt
00:00:05]} O-O {[%clk 01:31:39]} {[%emt 00:00:06]} 7. Bd3 {[%clk 01:33:25]}
{[%emt 00:00:06]} Nbd7 {[%clk 01:31:46]} {[%emt 00:00:22]} 8. Nf3 {[%clk
01:33:19]} {[%emt 00:00:36]} c6 {[%clk 01:31:24]} {[%emt 00:00:52]} 9. O-O
{[%clk 01:33:40]} {[%emt 00:00:09]} Re8 {[%clk 01:31:50]} {[%emt 00:00:04]} 10.
Qc2 {[%clk 01:34:06]} {[%emt 00:00:04]} Nf8 {[%clk 01:32:10]} {[%emt 00:00:09]}
11. Rab1 {[%clk 01:32:52]} {[%emt 00:01:45]} Be6 {[%clk 01:32:09]} {[%emt
00:00:31]} 12. b4 {[%clk 01:27:51]} {[%emt 00:05:31]} Rc8 {[%clk 01:31:09]}
{[%emt 00:01:31]} 13. Na4 {[%clk 01:21:12]} {[%emt 00:07:09]} N6d7 {[%clk
00:56:06]} {[%emt 00:35:32]} 14. Bf4 {[%clk 01:15:19]} {[%emt 00:06:24]} b5
{[%clk 00:44:53]} {[%emt 00:11:44]} 15. Nc3 {[%clk 01:03:33]} {[%emt 00:12:16]}
Nb6 {[%clk 00:44:28]} {[%emt 00:00:54]} 16. Ne5 {[%clk 00:32:45]} {[%emt
00:31:18]} Nc4 {[%clk 00:43:24]} {[%emt 00:01:34]} 17. Nxc4 {[%clk 00:32:53]}
{[%emt 00:00:23]} dxc4 {[%clk 00:42:09]} {[%emt 00:01:45]} 18. Be2 {[%clk
00:33:17]} {[%emt 00:00:05]} Ng6 {[%clk 00:42:00]} {[%emt 00:00:39]} 19. Bg3
{[%clk 00:33:32]} {[%emt 00:00:15]} Bf8 {[%clk 00:34:18]} {[%emt 00:08:12]} 20.
Rfd1 {[%clk 00:31:37]} {[%emt 00:02:26]} Qd7 {[%clk 00:19:09]} {[%emt
00:15:40]} 21. e4 {[%clk 00:27:46]} {[%emt 00:04:20]} Ne7 {[%clk 00:18:33]}
{[%emt 00:01:05]} 22. f4 {[%clk 00:27:09]} {[%emt 00:01:07]} f5 {[%clk
00:16:10]} {[%emt 00:02:53]} 23. a3 {[%clk 00:26:25]} {[%emt 00:01:14]} fxe4
{[%clk 00:15:14]} {[%emt 00:01:26]} 24. Nxe4 {[%clk 00:26:36]} {[%emt
00:00:18]} Bf5 {[%clk 00:15:21]} {[%emt 00:00:23]} 25. Bf3 {[%clk 00:25:55]}
{[%emt 00:01:11]} Nd5 {[%clk 00:14:20]} {[%emt 00:01:30]} 26. Re1 {[%clk
00:24:59]} {[%emt 00:01:27]} Qf7 {[%clk 00:09:55]} {[%emt 00:04:55]} 27. Qd2
{[%clk 00:23:00]} {[%emt 00:02:28]} Qg6 {[%clk 00:09:39]} {[%emt 00:00:47]} 28.
Qc2 {[%clk 00:19:54]} {[%emt 00:03:36]} Nf6 {[%clk 00:05:24]} {[%emt 00:04:44]}
29. Nxf6+ {[%clk 00:16:32]} {[%emt 00:03:52]} Qxf6 {[%clk 00:05:32]} {[%emt
00:00:22]} 30. Qd2 {[%clk 00:14:32]} {[%emt 00:02:31]} Bxb1 {[%clk 00:05:54]}
{[%emt 00:00:07]} 31. Rxb1 {[%clk 00:14:58]} {[%emt 00:00:04]} Rcd8 {[%clk
00:06:13]} {[%emt 00:00:11]} 32. Bf2 {[%clk 00:12:44]} {[%emt 00:02:44]} Bd6
{[%clk 00:03:35]} {[%emt 00:03:08]} 33. g3 {[%clk 00:12:47]} {[%emt 00:00:27]}
Bc7 {[%clk 00:03:36]} {[%emt 00:00:29]} 34. Rd1 {[%clk 00:12:21]} {[%emt
00:00:57]} Bb6 {[%clk 00:03:08]} {[%emt 00:00:58]} 35. d5 {[%clk 00:11:39]}
{[%emt 00:01:12]} cxd5 {[%clk 00:03:02]} {[%emt 00:00:36]} 36. Bxd5+ {[%clk
00:12:01]} {[%emt 00:00:07]} Kh8 {[%clk 00:03:22]} {[%emt 00:00:10]} 37. Bxb6
{[%clk 00:11:24]} {[%emt 00:01:08]} Qxb6+ {[%clk 00:03:44]} {[%emt 00:00:09]}
38. Qf2 {[%clk 00:11:46]} {[%emt 00:00:07]} Qxf2+ {[%clk 00:03:47]} {[%emt
00:00:26]} 39. Kxf2 {[%clk 00:12:10]} {[%emt 00:00:07]} Rd6 {[%clk 00:02:56]}
{[%emt 00:01:22]} 40. Bf3 {[%clk 00:11:52]} {[%emt 00:00:48]} Rxd1 {[%clk
00:02:49]} {[%emt 00:00:36]} 41. Bxd1 {[%clk 00:12:15]} {[%emt 00:00:07]} Kg8
{[%clk 00:02:44]} {[%emt 00:00:35]} 42. a4 {[%clk 00:12:08]} {[%emt 00:00:37]}
a6 {[%clk 00:02:50]} {[%emt 00:00:25]} 43. a5 {[%clk 00:11:52]} {[%emt
00:00:46]} Kf7 {[%clk 00:01:36]} {[%emt 00:01:44]} 44. f5 {[%clk 00:11:42]}
{[%emt 00:00:39]} Kf6 {[%clk 00:01:42]} {[%emt 00:00:24]} 45. Kf3 {[%clk
00:11:32]} {[%emt 00:00:40]} Kxf5 {[%clk 00:01:40]} {[%emt 00:00:32]} 46. Bc2+
{[%clk 00:11:59]} {[%emt 00:00:04]} Kf6 {[%clk 00:01:53]} 0-1

[Event "DEM U14 2025"]
[Site "Willingen GER"]
[Date "2025.06.11"]
[Round "6"]
[White "Stephanblome, Felix"]
[Black "Albrecht, Neil"]
[Result "1/2-1/2"]
[Termination "normal"]
[Board "1"]
[WhiteElo "2022"]
[BlackElo "2131"]
[WhiteClock "00:23:58"]
[BlackClock "00:19:36"]
[PlyCount "51"]
[WhiteFideId "34661026"]
[BlackFideId "34621091"]
[EventCountry "GER"]
[EventRounds "9"]
[EventType "swiss"]
[EventDate "2025.06.07"]

1. d4 {[%clk 01:30:56]} {[%emt 00:00:03]} Nf6 {[%clk 01:30:55]} {[%emt
00:00:05]} 2. c4 {[%clk 01:31:20]} {[%emt 00:00:05]} e6 {[%clk 01:31:22]}
{[%emt 00:00:04]} 3. Nc3 {[%clk 01:31:44]} {[%emt 00:00:07]} Bb4 {[%clk
01:31:47]} {[%emt 00:00:05]} 4. Bd2 {[%clk 01:32:05]} {[%emt 00:00:07]} c5
{[%clk 01:31:44]} {[%emt 00:00:35]} 5. a3 {[%clk 01:32:17]} {[%emt 00:00:17]}
Bxc3 {[%clk 01:32:02]} {[%emt 00:00:12]} 6. Bxc3 {[%clk 01:32:41]} {[%emt
00:00:05]} Ne4 {[%clk 01:32:16]} {[%emt 00:00:17]} 7. Rc1 {[%clk 01:32:55]}
{[%emt 00:00:16]} Qh4 {[%clk 01:32:03]} {[%emt 00:00:43]} 8. g3 {[%clk
01:33:15]} {[%emt 00:00:10]} Nxc3 {[%clk 01:32:27]} {[%emt 00:00:06]} 9. bxc3
{[%clk 01:33:36]} {[%emt 00:00:09]} Qe7 {[%clk 01:32:35]} {[%emt 00:00:23]} 10.
Nf3 {[%clk 01:33:04]} {[%emt 00:01:01]} d6 {[%clk 01:29:03]} {[%emt 00:04:03]}
11. Nd2 {[%clk 01:30:11]} {[%emt 00:03:22]} O-O {[%clk 01:23:37]} {[%emt
00:05:57]} 12. Bg2 {[%clk 01:28:52]} {[%emt 00:01:49]} Nc6 {[%clk 01:14:41]}
{[%emt 00:09:26]} 13. Bxc6 {[%clk 01:13:09]} {[%emt 00:16:11]} bxc6 {[%clk
01:14:45]} {[%emt 00:00:27]} 14. O-O {[%clk 01:11:58]} {[%emt 00:01:41]} d5
{[%clk 01:09:42]} {[%emt 00:05:32]} 15. Nb3 {[%clk 01:05:01]} {[%emt 00:07:28]}
cxd4 {[%clk 01:07:04]} {[%emt 00:03:09]} 16. cxd4 {[%clk 01:05:02]} {[%emt
00:00:29]} Qxa3 {[%clk 01:02:04]} {[%emt 00:05:30]} 17. Nc5 {[%clk 01:03:20]}
{[%emt 00:02:11]} Rd8 {[%clk 00:52:50]} {[%emt 00:09:44]} 18. Qc2 {[%clk
00:55:04]} {[%emt 00:08:46]} e5 {[%clk 00:43:06]} {[%emt 00:10:15]} 19. Ra1
{[%clk 00:41:41]} {[%emt 00:13:52]} Qb4 {[%clk 00:42:27]} {[%emt 00:01:10]} 20.
cxd5 {[%clk 00:40:15]} {[%emt 00:01:56]} cxd5 {[%clk 00:32:26]} {[%emt
00:10:30]} 21. dxe5 {[%clk 00:31:53]} {[%emt 00:08:52]} Qd4 {[%clk 00:26:36]}
{[%emt 00:06:20]} 22. Nd3 {[%clk 00:28:17]} {[%emt 00:04:05]} Bf5 {[%clk
00:23:59]} {[%emt 00:03:07]} 23. Qc5 {[%clk 00:27:24]} {[%emt 00:01:23]} Qxc5
{[%clk 00:19:38]} {[%emt 00:04:52]} 24. Nxc5 {[%clk 00:27:49]} {[%emt
00:00:05]} Re8 {[%clk 00:19:39]} {[%emt 00:00:29]} 25. f4 {[%clk 00:24:48]}
{[%emt 00:03:31]} f6 {[%clk 00:19:36]} {[%emt 00:00:33]} 26. Rfd1 {[%clk
00:23:58]} {[%emt 00:01:19]} 1/2-1/2